00571cam a22002174a 45000010009000000050017000090080041000260100017000670200028000840350020001120400023001320410008001550420008001630600023001710800015001940820019002091000006002281010008002342450060002425040051003021343834320180205074057.0031217s2004 njua b 001 0 eng  a 2003027462 a1556424914 (alk. paper) a(DNLM)101201071 aDNLM/DLCcDLCdDLC aeng apcc10aWE 103bR989k 2004 a612.76 RYB00a612.76 RYB2221 a8 aEKZ10aKinesiology for occupational therapy /cMelinda Rybski. aIncludes bibliographical references and index.